000 03766cam a2200985 a 4500
001 20381
003 VRT
005 20260121151455.0
008 160430s2013 xo o g n 001 0 slo
015 _aSNBA2014/01
020 _a9788081280733 (viaz.)
035 _aBC93E94C-3A8A-4155-8582-030A17F5FE9C
035 _aurn:nbn:sk:snk-amkbwz
035 _aurn:nbn:sk:snk-am008bss
039 9 _a202309141240
_bAUTHORITY
_c202210281138
_dAUTHORITY
_c202008190751
_dAUTHORITY
_c202008190750
_dAUTHORITY
040 _aPPPK
_bslo
_cPPPK
_dSNK
_eAACR2
041 0 _aslo
_aeng
043 _ae-xo---
044 _axo
_cSK
072 7 _a39
_xEtnológia. Etnografia. Folklór
_2konspekt
080 _a394
_22001
080 _a391
_22001
080 _a398
_22001
080 _a(437.6)
_22001
080 _a94(437.6)
_22001
080 _a(084.11)
_22001
080 _a(048.8:082)
_22001
080 _a39
_22001
245 0 0 _aGorali
_bveľká kniha o Goraloch Oravy, Liptova a Kysúc
_c[kolektív autorov ; fotografie: Marián Hruška ... [et al.]]
246 3 0 _aVeľká kniha o Goraloch Oravy, Liptova a Kysúc
246 1 1 _aGorals
_bBig book about Gorals of Orava, Liptov and Kysuce
250 _a[1. vyd.]
260 _aMartin
_bMatica slovenská
_c2013
300 _a211 s.
_bfotogr., tab.
_c28 cm
504 _aBibliogr.: s. 209-211 ; men. reg.
546 _aČiast. súbež. text v angl.
650 0 7 _aGorali
_2SNKPH
650 0 7 _akaždodenný život
_2SNKPH
650 0 7 _aetnografia
_2SNKPH
650 0 7 _aľudové odevy
_2SNKPH
650 0 7 _afolklór
_2SNKPH
650 0 7 _aľudová kultúra
_2SNKPH
650 0 7 _aFolk culture
_2SNKPHeng
650 0 7 _aEveryday life
_2SNKPHeng
650 0 7 _aEthnography
_2SNKPHeng
650 0 7 _aEthnic costume
_2SNKPHeng
650 0 7 _aFolklore
_2SNKPHeng
651 7 _aLiptov (Slovensko : región)
_2SNKPH
651 7 _aOrava (Slovensko : región)
_2SNKPH
651 7 _aKysuce (Slovensko : región)
_2SNKPH
651 7 _aLiptov (Slovakia : region)
_2SNKPHeng
651 7 _aOrava (Slovakia : region)
_2SNKPHeng
651 7 _aKysuce (Slovakia : region)
_2SNKPHeng
655 7 _aobrazové publikácie
_2SNKPH
655 7 _akolektívne monografie
_2SNKPH
655 7 _aPictorial works
_2SNKPHeng
655 7 _aCollective monographs
_2SNKPHeng
700 1 _aBeňušová, Elena
_4aut
700 1 _aHuba, Peter,
_d1949-
_4aut
700 1 _aJesenský, Miloš,
_d1971-
_4aut
700 1 _aKontrik, Alojz,
_d1966-
_4aut
700 1 _aKubica, Peter,
_d1976-
_4aut
700 1 _aKulášová, Erika
_4aut
700 1 _aKullová, Adela
_4aut
700 1 _aLaučíková, Katarína,
_d1979-
_4aut
700 1 _aZuskinová, Iveta,
_d1950-
_4aut
700 1 _aŽabenský, Miroslav,
_d1972-
_4aut
700 1 _aHruška, Marián
_4pht
910 _asllk
942 _2ddc
_cOLDO
_n0
949 _6273K0564128
_asvkpoC 53727
_bsvkpo566310
949 _63875K07855
_abauluvE 281 D1
_bbauluv2013/07855
_oMLUV
949 _63875K07856
_abauluvE 281 D2
_bbauluv2013/07856
949 _6270001000438186
_asvkbbC 58435
_bsvkbbm 740815
949 _617A1101812
_asnkSB 86009
_bsnk2013/31045
_o2737/13
_s6100:20140925
949 _617A1101811
_asnkSB 86009 D1
_bsnk2013/31046
_o2737/13
949 _617A1101810
_9snkGOR 398
_asnkSB 86009 D2
_bsnk2013/31047
_o2928/13 +1 MPL
949 _6273K0566161
_asvkpoC 53767
_bsvkpo567198
_pO 18
_s6719:20140114
949 _63875K08120
_abauluvE 281 D3
_bbauluv2014/08120
_oRCR_KE
949 _62889203629
_asavukV 52219
_bsavuk2013/5061
949 _6273K0579803
_asvkpoC 54689
_bsvkpo577923
949 _60133098611
_asnmk
_bsnmk2014/98611
949 _63830001138388
_akurukE6/209
_bkuruk2020/F3218
_oD2020/Jedláková, Miroslava/DK/28.9.2020
999 _c20381
_d20381